• 首页
  • 本馆介绍
  • 公告通知
  • 最新文献
  • 馆藏检索
  • 电子资源
  • 读者导购
  • 参考咨询
  • 我的图书馆
  • 登录
  • 详细信息显示
  • 放入我的书架
  • 预约/预借图书
  • 作者相关作品
  • 分类相关作品
  • 丛书相关作品
  • 出版社相关作品

书目信息

  • 表格格式
  • 工作单格式
  • 卡片格式
题名:
印度尼西亚华侨史
    
 
作者: 温广益 编著
分册:  
出版信息: 北京   海洋出版社  1985
页数: 495页
开本: 20cm
丛书名:
单 册:
中图分类: D634.3
科图分类:
主题词: 华侨状况--中国
电子资源:
ISBN:
000 00641nam0 2200229 45
001 0185002491
005 20050620141838.8
010    @b精装@dCNY5.30
091    @a11193.0350
100    @a19951010d1985 kemy0chiy0121 ea
101 0  @achi
102    @aCN@b110000
105    @af z 000yd
200 10 @a印度尼西亚华侨史@Ayin du ni xi ya hua qiao shi@f温广益等编著@FWen Guang Yi Deng Bian Zhu
210    @a北京@c海洋出版社@d1985
215    @a495页@c照片@d20cm
606 0  @a华侨状况@x中国
690    @aD634.3@v3
701  0 @a温广益@4编著
801  0 @aCN@b深圳图书馆@c20040422
801  2 @aCN@bNLC@c20040422
905    @dD634.3@e4@f1@b151757
    
    印度尼西亚华侨史/温广益等编著.-北京:海洋出版社,1985
    495页:照片;20cm
    
    
    ISBN (精装):CNY5.30
    
●
相关链接 在E读中查询图书 在五车中查询图书 在当当中查询图书 在豆瓣中查询图书


正题名:印度尼西亚华侨史     索取号:D634.3/4         预约/预借

序号 登录号 条形码 馆藏地/架位号 状态 备注
1 0151755   000482971   密集书库/ [索取号:D634.3/4] 在馆    
2 0151756   000374678   密集书库/ [索取号:D634.3/4] 在馆    
3 0151757   000374687   第一样本阅览室/ [索取号:D634.3/4] 在馆    
唐山师范学院图书馆 欢迎您!
大连网信软件有限公司© 版权所有